LEADER 01117nam a2200289 i 4500 001 000000148505 003 CaOOAMICUS 005 20191105093435.0 008 060308s1957 it u000 u ita u 013 $a125821 040 $aSeMil$bita 100 1 $aTerracini, Benvenuto.$0(OLS)http://semarc/name/58757 245 10$aConflitti di lingue e di cultura /$cBenvenuto Terracini. 260 $aVicenza :$bNeri Pozza,$c1957. 300 $a265 p. ;$c22 cm. 490 0 $aBiblioteca di cultura ;$v19 500 $aFondo Ciprandi. 650 4$aTraduzioni - Teorie.$0(OLS)http://semarc/subject/28984 650 4$aLinguistica - Aspetti socio-culturali.$0(OLS)http://semarc/subject/28985 830 0$aBiblioteca di cultura ;$v19.$0(OLS)http://semarc/title/6149 850 $aSeMil 852 $aSeMil$W1$xVenegono$y1$m1G VI 91$j100883$B100883$CSeMilBibl$Z2$F109540 $81 941 1 $a1 961 $aOmaggio: Ciprandi dott. Paolo 996 $6245$aConflitti di lingue e di cultura$9(OLS)http://semarc/title/217082 996 $6260$aVicenza :$bNeri Pozza$9(OLS)http://semarc/publisher/32468 LEADER 01531nam a2200325 i 4500 001 000000156544 003 CaOOAMICUS 005 20061207000000.0 008 061207s2005 be u000 u eng u 013 $a133899 020 $a90-587-501-7 020 $a90-429-1637-0 040 $aSeMil$bita 100 1 $aDerrenbacker, Robert A. .$0(OLS)http://semarc/name/93573 245 10$aAncient compositional practices and the synoptic problem /$cBy R.A. Derrenbacker JR. 260 $aLeuven ; Paris ; Dudley (MA) :$bUitgeverij Peeters,$c2005. 260 $aLeuven :$bUniversity Press,$c2005. 300 $aXXVIII, 290,9 p. :$bill. ;$c25 cm. 490 0 $aBibliotheca Ephemeridum Theologicarum Lovaniensium ;$v186. 500 $aContiene : Appendix ; Bibliography. 650 4$aBibbia - Sinossi.$0(OLS)http://semarc/subject/30630 830 0$aBibliotheca Ephemeridum Theologicarum Lovaniensium ;$v186.$0(OLS)http://semarc/title/108 850 $aSeMil 852 $aSeMil$W1$xVenegono$y1$m2IA A 186$j108306$B108306$CSeMilBibl$Z2$F117897 $81 961 $aSottoscrizione: Glossa 996 $6020$a90-587-501-7$9(OLS)http://semarc/number/146715 996 $6020$a90-429-1637-0$9(OLS)http://semarc/number/146716 996 $6245$aAncient compositional practices and the synoptic problem$9(OLS)http://semarc/title/229456 996 $6260$aLeuven :$bUniversity Press$9(OLS)http://semarc/publisher/30124 996 $6260$aLeuven ; Paris ; Dudley (MA) :$bUitgeverij Peeters$9(OLS)http://semarc/publisher/34531